Consumption Analysis and the Effect of Price Development in SR

Vývoj spotrebiteľských výdavkov slovenských domácností.

Salvato in:
Dettagli Bibliografici
Autore principale: König, Brian, 1983-
Natura: Capitolo di libro
Lingua:inglese
Soggetti:
Tags: Aggiungi Tag
Nessun Tag, puoi essere il primo ad aggiungerne!!

MARC

LEADER 00000naa a2200000 4500
001 0228723
005 20240502083616.3
041 0 |a eng 
044 |a PL 
245 1 0 |a Consumption Analysis and the Effect of Price Development in SR  |c Brian König 
520 |a Vývoj spotrebiteľských výdavkov slovenských domácností. 
610 2 0 |a výdavky obyvateľstva 
610 2 0 |a Slovensko 
610 2 0 |a domácnosti 
610 2 0 |a ceny spotrebiteľské 
610 2 0 |a modely ekonometrické 
100 1 |a König, Brian, 1983-